000 00436nam a2200181Ia 4500
005 20251020182614.0
008 200515s9999 xx 000 0 und d
082 _aSC/69:330.34/F76
110 _aCAPECO
245 0 _aLa construcción en el desarrollo económico : Fórum
260 _aLima
260 _c1978
300 _a132
650 _aCONSTRUCCION
650 _aDESARROLLO ECONOMICO
650 _aPUB CAPECO
942 _cLIB
999 _c3429
_d3429